000
00199 a2200097 4500
001
45516
100
_a
Updike, J
245
_a
Rabbit is rich
260
_a
London
_b
Penguin
_c
090
_c
28676
_d
28676
942
_a
NUST-CAE
_c
M
_c
20753
999
_c
280589
_d
280589